Agency Acronyms Quiz Stats

 Plays Quiz Updated Sep 19, 2018

Score 0/12 Timer 04:00
0 Plays Today
Acronym Agency % Correct
FBIFederal Bureau of Investigation
94.1%
CIACentral Intelligence Agency
75.7%
USPSUnited States Postal Service
58.3%
NAACPNational Association for the Advancement of Colored People
53.4%
YMCAYoung Men's Christian Association
48.9%
SECSecurities and Exchange Commission
40%
FCCFederal Communications Commission
34.1%
AARPAmerican Association of Retired Persons
31.4%
NASANational Aeronautics and Space Administration
28.5%
ROTCReserve Officers' Training Corps
22.7%
FDICFederal Deposit Insurance Corporation
22.4%
NOAANational Oceanic and Atmospheric Administration
9.6%

You're not logged in!

Compare scores with friends on all Sporcle quizzes.
OR
Log In

Sporcle TV

Today on Sporcle TV


Watch our educational content, quiz creation guides, and fun videos on Sporcle TV.

Show Comments

Extras

Top Quizzes Today


Score Distribution

Your Account Isn't Verified!

In order to create a playlist on Sporcle, you need to verify the email address you used during registration. Go to your Sporcle Settings to finish the process.

Report this User

Report this user for behavior that violates our Community Guidelines.

Details: